000
00315nam a22001337a 4500
008
170818b xxu||||| |||| 00| 0 eng d
020
_a
9780534389932
041
_a
eng
080
_2
5 ED
_a
51
100
_a
37
101
_a
MAT
245
_a
NUMERICAL MATHEMATICS AND COMPUTING
_c
CHENEY.W
942
_2
udc
_c
BK
999
_c
24059
_d
24059